| 000 | 00857cam a2200277 4500 | ||
|---|---|---|---|
| 001 | 4024 | ||
| 003 | BD-RjUL | ||
| 005 | 20211208233824.0 | ||
| 008 | 131221s1972 ne bs 001 0 eng | ||
| 020 | _a0444103694 (American Elsevier) | ||
| 035 | _a(BD-RjUL)4058 | ||
| 040 |
_aDLC _cDLC _dDLC _dBD-RjUL _beng |
||
| 041 | _aeng | ||
| 082 | 0 | 0 |
_a658.834 _bEHR 1972 |
| 100 | 1 |
_aEhrenberg, A. S. C. _912810 |
|
| 245 | 1 | 0 |
_aRepeat-buying : _cA. S. C. Ehrenberg. _btheory and applications / |
| 260 |
_aAmsterdam ; _bNorth-Holland Pub. Co., _aNew York : _bAmerican Elsevier, _c1972. |
||
| 300 |
_axviii, 322 p. ; _c23 cm. |
||
| 504 | _aBibliography: p. 311-315. | ||
| 504 | _aIncludes index. | ||
| 650 | 0 |
_aConsumer behavior. _912811 |
|
| 650 | 0 |
_aMotivation research (Marketing). _912812 |
|
| 942 |
_2ddc _cBK |
||
| 999 |
_c4024 _d4024 |
||